000133086 001__ 133086
000133086 005__ 20260217205500.0
000133086 0247_ $$2doi$$a10.1016/j.ecolecon.2024.108156
000133086 0248_ $$2sideral$$a137788
000133086 037__ $$aART-2024-137788
000133086 041__ $$aeng
000133086 100__ $$0(orcid)0000-0003-1727-2240$$aPhilippidis, George
000133086 245__ $$aThe development of bio-based industry in the European Union: A prospective integrated modelling assessment
000133086 260__ $$c2024
000133086 5060_ $$aAccess copy available to the general public$$fUnrestricted
000133086 5203_ $$aQuantitative bioeconomy simulation models aid our understanding of the complex market driven dynamics accompanying the transition to a net-zero economy. This research addresses knowledge gaps in EU bioeconomy modelling capacity, particularly representations of contemporary bio-based industrial markets. Encompassing a comprehensive selection of biomass types and bioeconomy activities, an integrated model toolbox is constructed consisting of five state-of-the-art bioeconomy simulation models. Focusing on a public-policy driven bio-based industrial transformation, exploratory scenarios examine the synergies and trade-offs for the EU through the prism of its five bioeconomy pillars. Results indicate that the promotion of biomass for industry reduces fossil dependence, although if enacted globally, may result in a substantial increase in biomass demand. In addition, carbon taxes further accelerate market opportunities for bio-based alternatives, although a bio-based industry transformation contingent, at least in part, on woody and agricultural biomass feedstocks, will not achieve important reductions in emissions. Finally, in addition to a strict adherence to the principle of circularity in biomass usage, a socially responsible change in consumption behaviour represents an essential strategy for easing (agricultural) biomass market tensions.
000133086 536__ $$9info:eu-repo/grantAgreement/EC/H2020/773297/EU/Monitoring the Bioeconomy/BioMonitor$$9This project has received funding from the European Union’s Horizon 2020 research and innovation program under grant agreement No H2020 773297-BioMonitor
000133086 540__ $$9info:eu-repo/semantics/openAccess$$aby$$uhttps://creativecommons.org/licenses/by/4.0/deed.es
000133086 590__ $$a6.3$$b2024
000133086 592__ $$a2.088$$b2024
000133086 591__ $$aECOLOGY$$b15 / 200 = 0.075$$c2024$$dQ1$$eT1
000133086 593__ $$aEnvironmental Science (miscellaneous)$$c2024$$dQ1
000133086 591__ $$aENVIRONMENTAL STUDIES$$b27 / 193 = 0.14$$c2024$$dQ1$$eT1
000133086 593__ $$aEconomics and Econometrics$$c2024$$dQ1
000133086 591__ $$aECONOMICS$$b30 / 620 = 0.048$$c2024$$dQ1$$eT1
000133086 591__ $$aENVIRONMENTAL SCIENCES$$b62 / 376 = 0.165$$c2024$$dQ1$$eT1
000133086 594__ $$a13.0$$b2024
000133086 655_4 $$ainfo:eu-repo/semantics/article$$vinfo:eu-repo/semantics/publishedVersion
000133086 700__ $$aÁlvarez, Rodrigo Xavier
000133086 700__ $$aDi Lucia, Lorenzo
000133086 700__ $$aHermoso, Hugo González
000133086 700__ $$aMartinez, Ana González
000133086 700__ $$aM'barek, Robert
000133086 700__ $$aMoiseyev, Alexander
000133086 700__ $$aPanoutsou, Calliope
000133086 700__ $$aItoiz, Eva Sevigne
000133086 700__ $$aSturm, Viktoriya
000133086 700__ $$avan Leeuwen, Myrna
000133086 700__ $$avan Zeist, Willem-Jan
000133086 700__ $$aVerkerk, Pieter Johannes
000133086 773__ $$g219 (2024), 108156 [15 pp.]$$pEcol. econ.$$tECOLOGICAL ECONOMICS$$x0921-8009
000133086 8564_ $$s9250902$$uhttps://zaguan.unizar.es/record/133086/files/texto_completo.pdf$$yVersión publicada
000133086 8564_ $$s2361632$$uhttps://zaguan.unizar.es/record/133086/files/texto_completo.jpg?subformat=icon$$xicon$$yVersión publicada
000133086 909CO $$ooai:zaguan.unizar.es:133086$$particulos$$pdriver
000133086 951__ $$a2026-02-17-20:21:36
000133086 980__ $$aARTICLE